| 000 | 00621nam a2200241Ia 4500 | ||
|---|---|---|---|
| 003 | OSt | ||
| 005 | 20220927110456.0 | ||
| 006 | a|||||r|||| 00| 0 | ||
| 007 | ta | ||
| 008 | 220926b |||||||| |||| 00| 0 eng d | ||
| 024 | _a79638 | ||
| 037 | _cReports | ||
| 040 |
_aRTL _cRTL _beng |
||
| 041 |
_2eng _aeng |
||
| 082 | _a"X9:6.2,hI, J9" | ||
| 110 |
_aIndustrial Finance Corporation of India _9378651 |
||
| 245 | 0 | _aAnnual Reprot | |
| 260 | _c1959 | ||
| 650 | _aFinancing | ||
| 700 |
_aIndustrial Finance Corporation of India _9378652 |
||
| 942 |
_h"X9:6.2,hI, J9" _cCC |
||
| 999 |
_c696927 _d696927 |
||